History Quiz

Random History or World Quiz

Wonders of the World by Picture Quiz Stats

Quiz Updated Apr 18, 2015

Also try: Ancient Wonders
Challenge
Share
Tweet
Score 0/21 Timer 07:00
0 Plays Today
% Correct
Great Wall of China
99.3%
Taj Mahal
90.2%
Mount Everest
88.1%
Grand Canyon
85.8%
Great Barrier Reef
85%
Aurora Borealis
81.6%
Great Pyramids of Giza
81.4%
Colosseum
78.4%
Christ the Redeemer
71.1%
Hanging Gardens of Babylon
68.9%
Machu Picchu
63.5%
% Correct
Victoria Falls
61.4%
Statue of Zeus at Olympia
51.8%
Petra
49.7%
Colossus of Rhodes
47.7%
Lighthouse of Alexandria
47.6%
Harbor of Rio de Janeiro
43.8%
Chichen Itza
36%
Temple of Artemis at Ephesus
21.9%
Mausoleum at Halicarnassus
20.3%
ParĂ­cutin Volcano
4.3%

You're not logged in!

Compare scores with friends on all Sporcle quizzes.
Join for Free
OR
Log In

You Might Also Like...

Show Comments

Extras

Top Quizzes Today


Score Distribution

Your Account Isn't Verified!

In order to create a playlist on Sporcle, you need to verify the email address you used during registration. Go to your Sporcle Settings to finish the process.

Report this User

Report this user for behavior that violates our Community Guidelines.

Details: